| 000 | 01075nam a2200301Ia 4500 | ||
|---|---|---|---|
| 003 | CO-BoRNBP | ||
| 005 | 20230413130848.0 | ||
| 007 | ta | ||
| 008 | 160315s2000 ck g 000 j spa | ||
| 020 | _a9588061458 | ||
| 040 |
_aCO-BoRNBP _bspa _erda _cCO-BoRNBP |
||
| 084 | _aC PAR4 | ||
| 100 | 1 |
_aParedes, Julio, _d1957- _91205 |
|
| 245 | 1 | 0 |
_aAsuntos familiares _cJulio Paredes |
| 250 | _a1a. edición | ||
| 264 |
_aBogotá _bAlfaguara _c2000 |
||
| 300 |
_a177 páginas _c22 cm |
||
| 336 |
_atexto _btxt _2rdacontent |
||
| 337 |
_asin mediación _bn _2rdamedia |
||
| 338 |
_avolumen _bnc _2rdacarrier |
||
| 490 | _aAlfaguara | ||
| 505 | _aFlor enhiesta -- Historia familiar -- El vástago -- Una posición desfavorable -- Gertrudis la magna -- El amparo -- El cuadrángulo de las monjas -- Orden y caos -- Invitación a un fantasma | ||
| 650 | 1 | 4 |
_2LEMB _aCuentos colombianos _ySiglo XX _91206 |
| 650 | 1 | 4 |
_2LEMB _aLiteratura colombiana _ySiglo XX _9427 |
| 650 | 1 | 4 |
_2LEMB _aFantasmas en la literatura _9540 |
| 650 | 1 | 4 |
_2LEMB _aFamilias en la literatura _91207 |
| 942 | _cBKLIT | ||
| 999 |
_c9387 _d9387 |
||